000 00839nam a2200241 i 4500
003 IT-RoINE
005 20180223071501.0
008 970922s1941 it r 000 0bita d
040 _aES-MaCSI.
_bspa.
_cIT-RoINE
_dCDM 0033801
041 1 _aita
_hfre
100 1 _aWaliszewski, Kazimierz Klemens,
_d1849-1935
_96743
245 1 0 _aIvan il Terribile /
_cCasimiro Waliszewski ; trad. di Lodovico Marinoni.
260 _aMilano :
_bCorbaccio Dall'Oglio,
_c[1941].
300 _a397 p. :
_bil. ;
_c23 cm.
336 _2rdacontent
_atext
337 _2rdamedia
_aunmediated
338 _2rdacarrier
_avolume
490 1 0 _aCollana storica Corbaccio
600 0 4 _aIvan
_bIV,
_cZar de Rusia,
_d1530-1584
_xBiografía
_96744
651 4 _aRusia
_xHistoria
_y1533-1584 (Iván IV)
_96745
830 0 _96746
_aCollana storica (Corbaccio)
942 _cMTS
999 _c3354
_d3354